00802nam a2200217Ii 45000010005000000030009000050080041000140400033000550410008000880820014000961000035001102450071001452640068002163000012002843360026002963370028003223380027003509400050003779990017004279520140004445658CO-ViMGA241108s9999||||xx |||||||||||||| ||und|| aCO-ViMGAbspaerdacCO-ViMGA0 aunk04a843-M447c1 aMaxence Van der Meersch95629310a casa de las dunas, Santa Teresita de Lisieux y el cura de Ars 1a[Lugar de publicación no identificado] : Ediciones G.P., 1969 avolumen atextbtxt2rdacontent aunmediatedbn2rdamedia avolumebnc2rdacarrier aidficha_siabuc: 5512. -- ficha_no_siabuc:5658 c54166d54166 001040708001aMEVIGERRbMEVIGERRcGENd2006-11-27hVol.1o843-M447cpECA4811r2024-11-26 10:41:11tEj.1w2024-11-26yBKz5512 | 7762